| 000 | 01003nam0a2200325 4500 | ||
|---|---|---|---|
| 001 | RU\NLR\bibl\1814869 | ||
| 005 | 20250616154802.0 | ||
| 010 |
_a978-5-17-073745-1 _bАст |
||
| 010 |
_a978-5-271-34965-2 _925000 |
||
| 021 |
_aRU _b2011-66231 _94659 |
||
| 035 | _a(NLR Aleph) 001805460 | ||
| 090 |
_a1805281 _c1805281 |
||
| 100 | _a20110930d2011 |||y0rusy50 ca | ||
| 101 | 0 | _arus | |
| 102 | _aRU | ||
| 105 | _ay ||||||||| | ||
| 200 | 1 |
_aПоследняя битва _e[фантастический роман] _fАлексей Бобл |
|
| 210 |
_aМосква _cАСТ _cАстрель _d2011 |
||
| 215 |
_a349, [1] с. _d21 |
||
| 225 | 1 | _aТехнотьма | |
| 320 | _aДр. кн. авт. на 2-й с. | ||
| 686 | _aШ6(2=Р)8-445 | ||
| 700 | 1 |
_4070 _aБобл _bА. _f1975- _gАлексей _9146681 _3RU\NLR\AUTH\770146717 |
|
| 801 | 0 |
_aRU _bNLR _c20110930 _gRCR |
|
| 801 | 1 |
_aRU _bNLR _c20110930 |
|
| 942 | _cBOOK | ||
| 980 | _aNB | ||
| 980 | _aNBR | ||